| 000 | 00777nam a2200253 4500 | ||
|---|---|---|---|
| 003 | OSt | ||
| 005 | 20240610083632.0 | ||
| 006 | a | ||
| 008 | 240610b |||||||| |||| 00| 0 eng d | ||
| 020 | _a1412905761 | ||
| 040 |
_aDWCL-Main lib. _cOC |
||
| 082 | _aCirc. 658.3124 H939t 2007 | ||
| 100 | _aHunt, James M. | ||
| 245 | _aThe coaching organization : a strategy for developing leaders / | ||
| 260 |
_aCalifornia : _bSAGE Publications, _cc2007. |
||
| 300 |
_axvi, _b252 p. ; _c23 cm. |
||
| 504 | _aIncludes bibliographical references & indexes. | ||
| 650 | _a1. Employees–Coaching of. | ||
| 650 | _a2. Executive coaching. | ||
| 650 | _a3. Organizational learning. | ||
| 650 | _a4. Career development. | ||
| 700 | _aJames M Hunt | ||
| 942 |
_2ddc _n0 _cBK-CIRC _kCirc. |
||
| 999 |
_c492 _d492 |
||